Central Library OPAC University of Rajshahi

Rukaʾat-i-Alamgiri or, Letters of Aurangzebe / (Record no. 26513)

MARC details
000 -LEADER
fixed length control field 01185cam a2200337 4500
001 - CONTROL NUMBER
control field 26513
003 - CONTROL NUMBER IDENTIFIER
rucl marc code BD-RjUL
005 - DATE AND TIME OF LATEST TRANSACTION
control field 20211209051028.0
008 - FIXED-LENGTH DATA ELEMENTS--GENERAL INFORMATION
fixed length control field 140322s1972 ii b 001 0aeng
035 ## - SYSTEM CONTROL NUMBER
System control number (BD-RjUL)26583
040 ## - CATALOGING SOURCE
Original cataloging agency DLC
Transcribing agency DLC
Modifying agency DLC
-- BD-RjUL
Language of cataloging eng
041 1# - LANGUAGE CODE
Language code of text/sound track or separate title eng
Language code of original per
082 00 - DEWEY DECIMAL CLASSIFICATION NUMBER
Classification number 954.0250924
Author mark and year BIR 1972
100 0# - MAIN ENTRY--PERSONAL NAME
Personal name Aurangzeb,
Dates associated with a name 1618-1707.
9 (RLIN) 81548
245 10 - TITLE STATEMENT
Title Rukaʾat-i-Alamgiri or, Letters of Aurangzebe /
Statement of responsibility, etc. With historical and explanatory notes. Translated from the original Persian into English by Jamshid H. Bilimoria.
260 ## - PUBLICATION, DISTRIBUTION, ETC. (IMPRINT)
Place of publication, distribution, etc. Delhi :
Name of publisher, distributor, etc. Idarah-i Adabiyāt-i Delli,
Date of publication, distribution, etc. c1972.
300 ## - PHYSICAL DESCRIPTION
Pagination v, 184 p. ;
Size 22 cm.
350 ## - PRICE (NR) (BK AM CF MU VM SE) [OBSOLETE]
Price Rs20.00
490 1# - SERIES STATEMENT
Series statement IAD oriental series, no. 12
500 ## - GENERAL NOTE
General note First published in 1908.
504 ## - BIBLIOGRAPHY, ETC. NOTE
Bibliography, etc Includes bibliographical references and index.
600 00 - SUBJECT ADDED ENTRY--PERSONAL NAME
Personal name Aurangzeb,
Titles and other words associated with a name Emperor of Hindustan,
Dates associated with a name 1618-1707
700 1# - ADDED ENTRY--PERSONAL NAME
Personal name Bilimoria, Jamshid H.,
Relator term tr.
830 #0 - SERIES ADDED ENTRY--UNIFORM TITLE
Volume number/sequential designation no. 12.
830 #0 - SERIES ADDED ENTRY--UNIFORM TITLE
Uniform title IAD oriental series ;
942 ## - ADDED ENTRY ELEMENTS (KOHA)
Source of classification or shelving scheme Dewey Decimal Classification
Koha item type Books
Holdings
Lost status Source of classification or shelving scheme Damaged status Not for loan Collection code Permanent Location Current Location Shelving location Date acquired Source of acquisition Cost, normal purchase price Total Checkouts Full call number Date last seen Copy number Koha item type
  Dewey Decimal Classification   Added to bundle Non-fiction Central Library, University of Rajshahi Central Library, University of Rajshahi Reading Room 25/06/1974 India Govt Gift. 0.00   954.0250924 BIR 1972 22/03/2014 C-1 Books